[Event "Druzynowe Mistrzostwa Polski II Liga"]
[Site "Szklarska Poreba"]
[Date "1899-12-30"]
[Round "9.13"]
[White "Zylka, Stanislaw"]
[Black "Niekras, Dawid"]
[Result "1/2-1/2"]
[WhiteTitle "FM"]
[BlackTitle "FM"]
[WhiteElo "2344"]
[BlackElo "2313"]

1. d4 Nf6 2. Nf3 g6 3. g3 Bg7 4. Bg2 O-O 5. O-O c5 6. c4 cxd4 7. Nxd4 d5 8. cxd5
Nxd5 9. Nb5 Be6 10. Nd4 Bc8 11. Nb5 Be6 12. Nd4 Bc8 1/2-1/2

[Event "Druzynowe Mistrzostwa Polski II Liga"]
[Site "Szklarska Poreba"]
[Date "1899-12-30"]
[Round "9.14"]
[White "Zadymov, Ihor"]
[Black "Tomaszewski, Kacper"]
[Result "0-1"]
[WhiteTitle "II+"]
[BlackTitle "k"]
[WhiteElo "2090"]
[BlackElo "2221"]

1. d4 d5 2. c4 e6 3. Nc3 Nf6 4. Nf3 Nbd7 5. Bf4 c6 6. e3 Be7 7. Qc2 O-O 8. Bd3
Re8 9. O-O a6 10. h3 dxc4 11. Bxc4 b5 12. Bd3 c5 13. Ne5 Bb7 14. Nxd7 Qxd7 15.
dxc5 Qc6 16. f3 Qxc5 17. Qf2 b4 18. Na4 Qa5 19. b3 Nd5 20. Be5 f6 21. Bb2 Bc6
22. Bxh7+ Kxh7 23. Qc2+ Kh8 24. Qxc6 Rac8 25. Qxe6 Nxe3 26. Rac1 Rxc1 27. Rxc1
Qg5 28. g4 Qf4 29. Kf2 Qh2+ 30. Kxe3 Bc5+ 31. Nxc5 Rxe6+ 32. Nxe6 Qxb2 33. Rc8+
Kh7 34. Nf8+ Kg8 35. f4 Qxa2 36. f5 Qxb3+ 37. Kf4 g5+ 38. fxg6 Kg7 39. h4 Qd5
40. h5 Qd6+ 41. Kf3 b3 0-1

[Event "Druzynowe Mistrzostwa Polski II Liga"]
[Site "Szklarska Poreba"]
[Date "1899-12-30"]
[Round "9.15"]
[White "Walach, Marcin"]
[Black "Bajerlein, Dawid"]
[Result "1-0"]
[WhiteTitle "FM"]
[BlackTitle "k"]
[WhiteElo "2320"]
[BlackElo "2044"]

1. e4 c6 2. d4 d5 3. Nc3 dxe4 4. Nxe4 Bf5 5. Ng3 Bg6 6. N1e2 e6 7. Nf4 Bd6 8. c3
Qc7 9. Qf3 Ne7 10. h4 Nd7 11. h5 Bc2 12. Bc4 Nd5 13. Nxd5 cxd5 14. Bb5 h6 15.
Bxd7+ Qxd7 16. Bf4 Bxf4 17. Qxf4 Bd3 18. f3 Qb5 19. Qd2 O-O 20. Kf2 f6 21. Rhe1
Rfe8 22. Re3 Bh7 23. Rae1 Kf7 24. Ne2 e5 25. dxe5 fxe5 26. Rxe5 Rxe5 27. Nd4 Qa4
28. Rxe5 Qxa2 29. Qe2 Rf8 30. Re7+ Kg8 31. Qe5 Qxb2+ 32. Kg3 Rf6 33. Re8+ 1-0

[Event "Druzynowe Mistrzostwa Polski II Liga"]
[Site "Szklarska Poreba"]
[Date "1899-12-30"]
[Round "9.16"]
[White "Hemmerling, Jaroslaw"]
[Black "Wolynski, Krzysztof"]
[Result "1/2-1/2"]
[WhiteTitle "I++"]
[BlackTitle "I++"]
[WhiteElo "1920"]
[BlackElo "2118"]

1. Nf3 e6 2. g3 b6 3. Bg2 Bb7 4. O-O f5 5. c4 Nf6 6. Nc3 Be7 7. d4 O-O 8. b3 Ne4
9. Nxe4 Bxe4 10. Bb2 Bf6 11. Nd2 Bxg2 12. Kxg2 Nc6 13. Nf3 d6 14. Qd2 Ne7 15.
Rad1 Qe8 16. Ng5 Ng6 17. Qe3 Bxg5 18. Qxg5 f4 19. Qb5 Qf7 20. Rd3 Qe7 21. Bc1
Rf5 22. Qc6 Raf8 23. Bxf4 Rxf4 24. gxf4 Nxf4+ 25. Kh1 Nxd3 26. exd3 Qf6 27. Qe4
Qf3+ 28. Kg1 Rf6 29. Qxf3 Rxf3 30. Re1 Kf7 31. Re3 Rf4 32. Re4 Rf5 33. Kg2 Rg5+
34. Kf1 Kf6 35. f3 c6 36. Kf2 Rf5 37. Kg3 Rg5+ 38. Kf2 Rf5 39. Kg3 Rh5 40. Rf4+
Ke7 41. Re4 g6 42. Re2 Kf6 43. Re4 Rg5+ 44. Kf2 Rh5 45. Kg3 Rg5+ 46. Kf2 Rh5 47.
Kg3 Rf5 1/2-1/2

[Event "Druzynowe Mistrzostwa Polski II Liga"]
[Site "Szklarska Poreba"]
[Date "1899-12-30"]
[Round "9.17"]
[White "Posluszny, Tomasz"]
[Black "Rozumek, Krzysztof"]
[Result "1/2-1/2"]
[WhiteTitle "I"]
[BlackTitle "I++"]
[WhiteElo "1611"]
[BlackElo "1906"]

1. d4 d5 2. c4 c6 3. Nf3 Nf6 4. Nc3 dxc4 5. a4 Bf5 6. e3 Nbd7 7. Bxc4 e6 8. O-O
Bd6 9. Re1 Ne4 10. Bd3 Nxc3 11. bxc3 O-O 12. e4 Bg6 13. e5 Be7 14. Bxg6 hxg6 15.
Be3 Nb6 16. Qb3 Qd5 17. Nd2 Qxb3 18. Nxb3 Nc4 19. Nd2 Nxd2 20. Bxd2 c5 21. Reb1
Rfb8 22. a5 b5 23. axb6 axb6 24. Rxa8 Rxa8 25. Kf1 Rb8 26. dxc5 Bxc5 27. Ke2 Rc8
28. Rb3 Rd8 29. Be3 Rd5 30. f4 g5 31. g3 gxf4 32. gxf4 g5 33. Bxc5 bxc5 34. Ke3
c4 35. Rb8+ Kg7 36. fxg5 Rd3+ 37. Kf4 Rh3 38. Kg4 Rxh2 39. Rc8 Re2 40. Kf4 Rh2
41. Kg3 Re2 42. Kf4 Rf2+ 43. Ke4 Rf5 44. Rxc4 Rxg5 45. Rc8 Rg4+ 46. Ke3 Rh4 47.
Rc7 Kg6 48. c4 Kf5 49. Rxf7+ Kxe5 50. Rc7 Rh3+ 51. Kd2 Kd4 52. Rd7+ Kxc4 53. Ra7
Kd4 54. Ra4+ Ke5 55. Ke2 Kf5 56. Kf2 e5 57. Rb4 Ra3 58. Rc4 Ke6 59. Ke2 Kd5 60.
Rh4 Rb3 61. Rg4 Rb2+ 62. Ke3 Ra2 63. Rh4 Ra6 64. Rg4 Ra3+ 65. Ke2 e4 66. Rg8 1/2-1/2

[Event "Druzynowe Mistrzostwa Polski II Liga"]
[Site "Szklarska Poreba"]
[Date "1899-12-30"]
[Round "9.18"]
[White "Debowiak, Arleta"]
[Black "Cieslak, Wiktoria"]
[Result "1/2-1/2"]
[WhiteTitle "k"]
[BlackTitle "k++"]
[WhiteElo "1838"]
[BlackElo "1824"]

1. e4 c5 2. Nf3 d6 3. d4 cxd4 4. Nxd4 Nf6 5. Nc3 a6 6. Be3 Ng4 7. Bg5 h6 8. Bh4
g5 9. Bg3 Bg7 10. Be2 h5 11. Bxg4 hxg4 12. Qd2 Nc6 13. Nb3 Be6 14. O-O-O b5 15.
Kb1 Na5 16. Nxa5 Qxa5 17. Nd5 Qxd2 18. Rxd2 Rc8 19. Rhd1 f6 20. Rd3 f5 21. exf5
Bxf5 22. R3d2 Kf7 23. Re1 Rhe8 24. Re3 a5 25. Rde2 e6 26. Nc3 Bxc3 27. Rxc3 Rxc3
28. bxc3 e5 29. Kb2 Rc8 30. a3 Rc4 31. f3 gxf3 32. gxf3 Bg6 33. Re3 Ke6 34. Kc1
b4 35. axb4 axb4 36. Kd2 bxc3+ 37. Rxc3 Rxc3 38. Kxc3 Bh5 39. Kd3 Bxf3 40. Ke3
Bg2 41. Ke4 1/2-1/2

[Event "Druzynowe Mistrzostwa Polski II Liga"]
[Site "Szklarska Poreba"]
[Date "1899-12-30"]
[Round "9.19"]
[White "Kolago, Marcin"]
[Black "Sypien, Mateusz"]
[Result "1/2-1/2"]
[WhiteTitle "m"]
[BlackTitle "k"]
[WhiteElo "2347"]
[BlackElo "2250"]

1. e4 c5 2. Nf3 Nc6 3. c3 d5 4. exd5 Qxd5 5. d4 Bg4 6. Be2 e6 7. O-O cxd4 8. cxd4
Nf6 9. Nc3 Qa5 10. Bd2 Be7 11. Na4 Qd5 12. Nc3 Qa5 13. Na4 Qd5 14. Nc3 Qa5 1/2-1/2

[Event "Druzynowe Mistrzostwa Polski II Liga"]
[Site "Szklarska Poreba"]
[Date "1899-12-30"]
[Round "9.20"]
[White "Sycz, Dariusz"]
[Black "Wiewiora, Eneasz"]
[Result "0-1"]
[WhiteTitle "k"]
[BlackTitle "FM"]
[WhiteElo "2182"]
[BlackElo "2325"]

1. d4 g6 2. Nf3 Bg7 3. g3 Nf6 4. Bg2 O-O 5. O-O d6 6. c4 Nc6 7. Nc3 Bf5 8. b3 Ne4
9. Bb2 Nxc3 10. Bxc3 Be4 11. e3 d5 12. Qe2 e6 13. Rfd1 a5 14. Bf1 g5 15. Ne1 Bg6
16. Nd3 Qd6 17. Bg2 h6 18. a3 Rfe8 19. f4 Qe7 20. c5 Bxd3 21. Qxd3 f5 22. Qb5
Reb8 23. a4 Qe8 24. b4 Nxb4 25. Bxb4 Qxb5 26. axb5 axb4 27. Rdb1 Ra3 28. Rxa3
bxa3 29. Ra1 Ra8 30. Ra2 b6 31. cxb6 cxb6 32. Kf2 gxf4 33. gxf4 Bf8 34. Ke2 Ra5
35. Kd2 Rxb5 36. Kc2 Ra5 37. Kb3 b5 38. Bf1 b4 39. Rc2 Ra7 40. Ka2 Kf7 41. Be2
Bd6 42. Bh5+ Ke7 43. Rg2 Kd7 44. Bd1 Bf8 45. Rg8 Ke7 46. Bh5 b3+ 0-1

[Event "Druzynowe Mistrzostwa Polski II Liga"]
[Site "Szklarska Poreba"]
[Date "1899-12-30"]
[Round "9.21"]
[White "Mulet, Piotr"]
[Black "Pulik, Krzysztof"]
[Result "0-1"]
[WhiteTitle "FM"]
[BlackTitle "k"]
[WhiteElo "2323"]
[BlackElo "2134"]

1. e4 e6 2. d4 d5 3. Nd2 Nf6 4. e5 Nfd7 5. Bd3 c5 6. c3 Nc6 7. Ne2 cxd4 8. cxd4
f6 9. Nf4 Nxd4 10. Qh5+ Ke7 11. exf6+ Nxf6 12. Ng6+ hxg6 13. Qxh8 Kf7 14. O-O
e5 15. Nb3 Nxb3 16. axb3 Bf5 17. Bxf5 gxf5 18. Bg5 Qb6 19. Bxf6 Kxf6 20. h4 Rd8
21. h5 Kg5 22. Rad1 Qh6 23. Qxh6+ gxh6 24. Rc1 Bb4 25. Rc7 d4 26. Rxb7 a5 27.
g3 e4 28. Rd1 Rd6 29. Rg7+ Kf6 30. Rg6+ Ke5 31. Rxd6 Bxd6 32. Rc1 d3 33. Kf1 e3
34. fxe3 Ke4 35. Kf2 Bxg3+ 36. Kxg3 d2 37. Rc8 f4+ 38. exf4 d1=Q 39. Re8+ Kf5
40. Re5+ Kf6 41. Kh4 Qf3 42. Rxa5 Qxf4+ 43. Kh3 0-1

[Event "Druzynowe Mistrzostwa Polski II Liga"]
[Site "Szklarska Poreba"]
[Date "1899-12-30"]
[Round "9.22"]
[White "Skomial, Mateusz"]
[Black "Jaroch, Karol"]
[Result "0-1"]
[WhiteTitle "I++"]
[BlackTitle "m"]
[WhiteElo "2039"]
[BlackElo "2200"]

1. e4 e6 2. d4 d5 3. exd5 exd5 4. Nf3 Bg4 5. h3 Bh5 6. Qe2+ Qe7 7. g4 Qxe2+ 8.
Bxe2 Bg6 9. Bf4 c6 10. c3 f6 11. Nbd2 Kd7 12. O-O-O Bd6 13. Be3 Ne7 14. Rde1 b5
15. Nb3 a5 16. Nc5+ Bxc5 17. dxc5 Na6 18. Nd2 b4 19. c4 Nc7 20. f4 Bf7 21. Rd1
Rhe8 22. Rhe1 Kc8 23. Bd3 dxc4 24. Bxc4 Ned5 25. Bd4 Nxf4 26. Rxe8+ Bxe8 27. Ne4
Bg6 28. Nd6+ Kd7 29. h4 h6 30. Nf5 Bxf5 31. gxf5 Ke7 32. Bf2 Rd8 33. Rxd8 Kxd8
34. a3 Ncd5 35. Kc2 Ne7 36. axb4 axb4 37. Kb3 Nxf5 38. Kxb4 g5 39. hxg5 fxg5 40.
Kc3 g4 41. Bf1 g3 42. Bg1 g2 43. Bd3 Nh3 44. Be4 Nxg1 45. Bxg2 Ne2+ 46. Kd2 Ned4
47. Kd3 Kc7 48. Ke4 Nh4 49. Bf1 Nb3 50. Kf4 Ng6+ 51. Kg4 Ne7 52. Kh5 Nd5 53. Kxh6
Nxc5 54. Bg2 Kd6 55. Kg5 Ke5 56. Bf1 Na4 57. b3 Nc5 58. Bc4 Kd4 59. Bf1 Nxb3 60.
Ba6 Nc5 61. Bc8 Ne7 62. Bh3 Ne4+ 63. Kf4 Nd5+ 64. Kf5 c5 0-1

[Event "Druzynowe Mistrzostwa Polski II Liga"]
[Site "Szklarska Poreba"]
[Date "1899-12-30"]
[Round "9.23"]
[White "Samborski, Henryk"]
[Black "Wozniak, Maciej"]
[Result "1-0"]
[WhiteTitle "k"]
[BlackTitle "k"]
[WhiteElo "2093"]
[BlackElo "2053"]

1. Nf3 Nf6 2. c4 g6 3. g3 Bg7 4. Bg2 c6 5. Nc3 d5 6. cxd5 cxd5 7. d4 O-O 8. O-O
Ne4 9. Nxe4 dxe4 10. Ne5 Qd5 11. Be3 Bxe5 12. dxe5 Qxe5 13. Bh6 Re8 14. Qa4 Bd7
15. Qxe4 Qxe4 16. Bxe4 Bc6 17. Bc2 Bb5 18. Rfe1 Nc6 19. Rad1 Red8 20. Rxd8+ Rxd8
21. f3 Nd4 22. Bd1 Rc8 23. Kf2 f6 24. Bd2 Bc4 25. e3 Ne6 26. b3 Ba6 27. b4 Bc4
28. a4 Rd8 29. Bc1 Nc7 30. e4 e5 31. Bc2 Na6 32. b5 Nb4 33. Bb1 a6 34. bxa6 Bxa6
35. Ke3 Rc8 36. Rd1 Nc2+ 37. Kf2 Nd4 38. Be3 Rd8 39. Ba2+ Kf8 40. Bd5 Nc6 41.
Rd2 Ne7 42. Bh6+ Ke8 43. Bf7+ Kxf7 44. Rxd8 g5 45. Bf8 Nc6 46. Rc8 Nd4 47. Bc5
Ne6 48. Bb6 h5 49. Rc2 g4 50. Be3 Kg6 51. Rd2 f5 52. Rd6 Kf6 53. exf5 Kxf5 54.
Bc1 Nd4 55. f4 Nf3 56. Rh6 h4 57. fxe5 Kxe5 58. gxh4 Nxh2 59. Kg3 Nf1+ 60. Kxg4
Be2+ 61. Kg5 Kd5 62. Rb6 Nh2 63. Rb2 Nf3+ 64. Kf4 Bd1 65. h5 Ke6 66. Rb6+ Kf7
67. Rxb7+ Kf6 68. Bb2+ Ke6 69. h6 Nh4 70. Rb6+ Ke5+ 1-0

[Event "Druzynowe Mistrzostwa Polski II Liga"]
[Site "Szklarska Poreba"]
[Date "1899-12-30"]
[Round "9.24"]
[White "Krzyzanowska-zadlo, Lidia"]
[Black "Richterova, Natasa"]
[Result "1-0"]
[WhiteTitle "k"]
[BlackTitle "WIM"]
[WhiteElo "1842"]
[BlackElo "2188"]

1. e4 Nf6 2. e5 Nd5 3. d4 d6 4. c4 Nb6 5. f4 dxe5 6. fxe5 Bf5 7. Nc3 e6 8. Nf3
Bb4 9. Be2 c5 10. Be3 Nc6 11. O-O cxd4 12. Nxd4 Nxd4 13. Qxd4 Qxd4 14. Bxd4 O-O
15. a3 Be7 16. Nb5 Rfd8 17. b4 Be4 18. c5 Nc8 19. Nd6 Bg6 20. Bf3 Rb8 21. Be3
Nxd6 22. cxd6 Bf8 23. Bxa7 Ra8 24. Bb6 Rd7 25. Rfc1 f6 26. Rc7 Be8 27. Bxb7 Rb8
28. Bc6 Rdd8 29. Ba7 Bxc6 30. Bxb8 Bd5 31. Ba7 fxe5 32. Bc5 Bxd6 33. Bxd6 Rxd6
34. b5 Rb6 35. a4 Rb8 36. Rac1 Rb6 37. R1c5 e4 38. Kf2 1-0

[Event "Druzynowe Mistrzostwa Polski II Liga"]
[Site "Szklarska Poreba"]
[Date "1899-12-30"]
[Round "9.25"]
[White "Kumala, Aleksander"]
[Black "Mroziak, Maciej"]
[Result "1/2-1/2"]
[WhiteTitle "k"]
[BlackTitle "IM"]
[WhiteElo "2215"]
[BlackElo "2406"]

1. e4 d5 2. exd5 Nf6 3. d4 Bg4 4. f3 Bf5 5. Bb5+ c6 6. dxc6 Qa5+ 7. Nc3 Nxc6 8.
Bxc6+ bxc6 9. Qe2 e6 10. Qc4 Qb6 11. g4 Bg6 12. b3 Bb4 13. Nge2 O-O 14. a3 Bd6
15. g5 Nh5 16. Ne4 Bxe4 17. fxe4 e5 18. Bb2 exd4 19. Bxd4 Qa5+ 20. Qc3 Qxg5 21.
h4 Qh6 22. Rg1 Rfe8 23. e5 Be7 24. Rg4 Qe6 25. Qh3 Bf6 26. Qf3 Bxe5 27. Re4 Qd5
28. O-O-O Nf6 29. Nc3 Qa5 30. Rxe5 Rxe5 31. Bxe5 Qxe5 32. Qxc6 Rf8 33. Qc4 h5
34. Kb1 Kh7 35. Nd5 Ne4 36. Qd4 Qxd4 37. Rxd4 f5 38. c4 g5 39. hxg5 Rb8 40. Nf4
Rxb3+ 41. Kc2 Rxa3 42. Rd7+ Kg8 43. Nxh5 Ra2+ 44. Kd1 Rg2 45. Rg7+ Kf8 46. g6
Rg5 47. Rf7+ Kg8 48. Rg7+ Kf8 49. Rf7+ Kg8 50. Rg7+ 1/2-1/2

[Event "Druzynowe Mistrzostwa Polski II Liga"]
[Site "Szklarska Poreba"]
[Date "1899-12-30"]
[Round "9.26"]
[White "Wandzik, Wojciech"]
[Black "Kasperek, Ryszard"]
[Result "1-0"]
[WhiteTitle "m"]
[BlackTitle "m"]
[WhiteElo "2396"]
[BlackElo "2133"]

1. e4 c5 2. Nf3 e6 3. d4 cxd4 4. Nxd4 a6 5. Bd3 Bc5 6. Nb3 Be7 7. Qg4 g6 8. Qe2
d6 9. a4 b6 10. O-O Nd7 11. Na3 Ne5 12. a5 b5 13. c4 bxc4 14. Nxc4 Nxc4 15. Bxc4
Qc7 16. Rd1 Nf6 17. Bh6 d5 18. exd5 exd5 19. Bxd5 Nxd5 20. Rxd5 Be6 21. Rd3 Qb7
22. Qe5 Rg8 23. Nc5 Bxc5 24. Qxc5 Rc8 25. Qd4 g5 26. Rad1 Rg6 27. Qh8+ Ke7 28.
Rd8 Rxh6 29. Qf8+ Kf6 30. Qxh6+ 1-0

[Event "Druzynowe Mistrzostwa Polski II Liga"]
[Site "Szklarska Poreba"]
[Date "1899-12-30"]
[Round "9.27"]
[White "Puczylowski, Marcin"]
[Black "Gola, Karol"]
[Result "0-1"]
[WhiteTitle "k"]
[BlackTitle "k"]
[WhiteElo "2116"]
[BlackElo "2207"]

1. e4 c5 2. Nf3 e6 3. b3 Nc6 4. Bb2 d6 5. d4 cxd4 6. Nxd4 e5 7. Nb5 Nf6 8. Bd3
a6 9. N5c3 Be6 10. O-O d5 11. exd5 Nxd5 12. Nxd5 Bxd5 13. c4 Be6 14. Nc3 Be7 15.
Be4 O-O 16. Nd5 Bd6 17. Rc1 Qh4 18. Bb1 Rad8 19. Qe1 f5 20. f3 Qh6 21. Rd1 f4
0-1

[Event "Druzynowe Mistrzostwa Polski II Liga"]
[Site "Szklarska Poreba"]
[Date "1899-12-30"]
[Round "9.28"]
[White "Lizak, Jakub"]
[Black "Kanarkiewicz, Michal"]
[Result "1/2-1/2"]
[WhiteTitle "k"]
[BlackTitle "k"]
[WhiteElo "2222"]
[BlackElo "2066"]

1. b3 e5 2. Bb2 Nc6 3. e3 d5 4. Bb5 Bd6 5. f4 Qe7 6. Nf3 Bg4 7. fxe5 Bxe5 8. Bxe5
Bxf3 9. Qxf3 Qxe5 10. Nc3 Nf6 11. O-O O-O 12. Bxc6 bxc6 13. Qf4 Qe7 14. Qd4 c5
15. Qh4 Rad8 16. Rae1 Rfe8 17. d3 Qe5 18. Na4 Qd6 19. Qf4 Qc6 20. Nb2 Qb6 21.
Qg5 Re6 22. Na4 Qd6 23. Rf3 Re5 24. Qg3 Rde8 25. h3 d4 26. e4 h6 27. Nb2 Rg5 28.
Qf2 Qe7 29. Rf1 Rf8 30. Nc4 Nd7 31. Rf5 g6 32. Rf4 f5 33. exf5 Rgxf5 34. Rxf5
Rxf5 35. Qg3 Rxf1+ 36. Kxf1 Nf8 37. Kg1 Qe2 38. Qe5 Qxc2 39. Qd5+ Kg7 40. Qe5+
Kg8 41. Qd5+ Kg7 42. Qe5+ Kg8 1/2-1/2

[Event "Druzynowe Mistrzostwa Polski II Liga"]
[Site "Szklarska Poreba"]
[Date "1899-12-30"]
[Round "9.29"]
[White "Zurkowski, Andrzej"]
[Black "Szolc, Grzegorz"]
[Result "0-1"]
[WhiteTitle "k+"]
[BlackTitle "I+"]
[WhiteElo "2048"]
[BlackElo "1995"]

1. b3 e5 2. Bb2 Nc6 3. e3 d6 4. d4 exd4 5. exd4 Nf6 6. Bd3 Bg4 7. f3 Bh5 8. Ne2
Bg6 9. O-O Qd7 10. Bxg6 hxg6 11. d5 Ne7 12. c4 Nf5 13. Qd3 Be7 14. Nbc3 a6 15.
Ne4 O-O-O 16. b4 Nh4 17. b5 a5 18. b6 c5 19. Rf2 Qa4 20. N2c3 Qb4 21. Nb5 Nd7
22. Ba3 Ne5 23. Na7+ Kb8 24. Bxb4 Nxd3 25. Bxa5 Nxf2 26. Kxf2 Nf5 27. h3 Nd4 28.
Bd2 f5 29. Ng5 Rhf8 30. Re1 Bf6 31. Bf4 Rd7 32. Ne6 Re8 33. Nxc5 Rdd8 34. Bxd6+
Ka8 35. Rxe8 Rxe8 36. Kg3 Re2 37. Nd7 g5 38. c5 f4+ 39. Kg4 g6 40. g3 Rg2 41.
Bxf4 gxf4 42. Nxf6 fxg3 43. c6 bxc6 44. Nxc6 Nf5 45. Ne4 Rg1 46. h4 g2 47. Ng5
Rh1 0-1

[Event "Druzynowe Mistrzostwa Polski II Liga"]
[Site "Szklarska Poreba"]
[Date "1899-12-30"]
[Round "9.30"]
[White "Mazur, Anna"]
[Black "Murawko, Katarzyna"]
[Result "0-1"]
[WhiteTitle "I+"]
[BlackTitle "k"]
[WhiteElo "1693"]
[BlackElo "1988"]

1. e4 c5 2. Nf3 a6 3. Nc3 Nc6 4. d4 cxd4 5. Nxd4 e5 6. Nb3 Nf6 7. Be2 Bb4 8. Bf3
O-O 9. O-O d6 10. Nd5 Nxd5 11. exd5 Na5 12. c3 Nxb3 13. Qxb3 Bc5 14. Qc2 Bd7 15.
b4 Ba7 16. Bd2 Rc8 17. Rac1 Bb5 18. Rfe1 f5 19. Be3 Bxe3 20. Rxe3 Qh4 21. Be2
Bxe2 22. Rxe2 Rc4 23. Qd3 b5 24. Re3 Qf6 25. f3 Qg5 26. Rce1 Rfc8 27. Rc1 Rxb4
28. Qd2 Rbc4 29. Rc2 b4 30. Qe1 Qd8 31. Rc1 Qb6 32. Kh1 bxc3 33. h3 Qa5 34. Re2
Qxd5 35. Rec2 Qc5 36. Qe2 h6 37. Qd3 e4 38. fxe4 fxe4 39. Qg3 e3 40. Re1 Re8 41.
Qf3 Qe5 42. Qe2 d5 43. Rb1 Rf4 0-1

[Event "Druzynowe Mistrzostwa Polski II Liga"]
[Site "Szklarska Poreba"]
[Date "1899-12-30"]
[Round "9.31"]
[White "Lewtak, Damian"]
[Black "Voloshin, Leonid"]
[Result "1/2-1/2"]
[WhiteTitle "m"]
[BlackTitle "GM"]
[WhiteElo "2331"]
[BlackElo "2345"]

1. d4 Nf6 2. c4 e6 3. g3 d5 4. Nf3 Be7 5. Bg2 O-O 6. O-O c6 7. Qc2 b6 8. Nbd2 Bb7
9. e4 Na6 10. a3 Qc8 11. e5 Nd7 12. cxd5 cxd5 13. Qb3 Nab8 14. Re1 a5 15. Nf1
a4 16. Qd1 Bc6 17. h4 Bb5 18. Bg5 Qd8 19. Ne3 Nc6 20. Rc1 Na5 21. Ng4 Nb3 22.
Rc3 Bc4 23. Qc2 b5 24. Bxe7 Qxe7 25. Ng5 g6 26. Qd1 Kg7 27. Rf3 h6 28. Nh3 Nb8
29. h5 Qa7 30. hxg6 Qxd4 31. Nf4 Qxd1 32. Rxd1 Nd7 33. gxf7 Nbc5 34. Nh5+ 1/2-1/2

[Event "Druzynowe Mistrzostwa Polski II Liga"]
[Site "Szklarska Poreba"]
[Date "1899-12-30"]
[Round "9.32"]
[White "Maj, Pawel"]
[Black "Reza, Wojciech"]
[Result "1/2-1/2"]
[WhiteTitle "k"]
[BlackTitle "k++"]
[WhiteElo "2070"]
[BlackElo "2277"]

1. c4 e6 2. g3 d5 3. Bg2 Nf6 4. Nf3 Be7 5. b3 O-O 6. O-O b6 7. Bb2 Bb7 8. cxd5
exd5 9. e3 Na6 10. d3 c5 11. Nc3 Nc7 12. Rc1 b5 13. Ne2 Ne6 14. Nf4 Qb6 15. Nh4
Nxf4 16. gxf4 g6 17. Qf3 Ne8 18. Qg3 Bf6 19. Bxf6 Nxf6 20. Qg5 Rad8 21. Rc2 Ba6
22. Rfc1 c4 23. dxc4 bxc4 24. Nf5 Rfe8 25. Nd4 Rd6 26. Nf5 Rdd8 27. Nd4 Rd6 1/2-1/2

[Event "Druzynowe Mistrzostwa Polski II Liga"]
[Site "Szklarska Poreba"]
[Date "1899-12-30"]
[Round "9.33"]
[White "Rymaszewski, Dariusz"]
[Black "Kosiorek, Przemyslaw"]
[Result "1-0"]
[WhiteTitle "k"]
[BlackTitle "I+"]
[WhiteElo "2150"]
[BlackElo "1980"]

1. e4 c5 2. Nf3 d6 3. Bb5+ Nd7 4. O-O a6 5. Bd3 g6 6. c3 Bg7 7. Re1 Ngf6 8. Bc2
e5 9. d4 O-O 10. Nbd2 Qc7 11. a4 b6 12. Bd3 Nb8 13. dxe5 dxe5 14. Qe2 Bb7 15.
Nc4 Nc6 16. Bg5 Rfe8 17. Red1 h6 18. Bxf6 Bxf6 19. Ne3 Ne7 20. Nd2 Red8 21. f3
Bg5 22. Bc2 Rd7 23. Ndf1 Rad8 24. Bd3 a5 25. Bb5 Bc6 26. Rxd7 Rxd7 27. Rd1 Kg7
28. Nc4 Bxb5 29. axb5 Rxd1 30. Qxd1 Nc8 31. Qd5 f6 32. Kf2 h5 33. b3 Kf8 34. Qe6
Kg7 35. g3 h4 36. Ke2 hxg3 37. hxg3 Bc1 38. Nfe3 Bxe3 39. Nxe3 Nd6 40. c4 Qd8
41. g4 g5 42. Qxd6 Qh8 43. Qd7+ Kg6 44. Qf5+ Kg7 45. Nd5 Qh2+ 46. Kd3 Qb2 47.
Qxf6+ Kh7 48. Qf7+ Kh6 49. Qh5+ Kg7 50. Qxg5+ Kh8 51. Qf6+ Kh7 52. g5 Qb1+ 53.
Ke2 Qc2+ 54. Kf1 Qxb3 55. g6+ Kh6 56. g7+ Kh5 57. Qxe5+ Kh4 58. Qh2+ 1-0

[Event "Druzynowe Mistrzostwa Polski II Liga"]
[Site "Szklarska Poreba"]
[Date "1899-12-30"]
[Round "9.34"]
[White "Koziol, Pawel"]
[Black "Renkowski, Piotr"]
[Result "0-1"]
[WhiteTitle "I++"]
[BlackTitle "k"]
[WhiteElo "1910"]
[BlackElo "2102"]

1. Nf3 d5 2. g3 Nf6 3. Bg2 c6 4. O-O Bg4 5. h3 Bh5 6. d3 Nbd7 7. Nbd2 e5 8. e4
dxe4 9. dxe4 Qc7 10. Qe2 Bc5 11. Nb3 Bb6 12. a4 a5 13. Bd2 Bxf3 14. Qxf3 O-O 15.
Rfe1 Nc5 16. Bg5 Nfd7 17. Be7 Rfe8 18. Bxc5 Nxc5 19. Nxc5 Bxc5 20. Bf1 Re6 21.
Re2 Rd8 22. Qb3 Rf6 23. Kg2 Rd4 24. c3 Rd3 25. Qc4 Qd6 26. Rc1 h5 27. b4 Ba7 28.
h4 Rdf3 29. Rcc2 Qd7 30. Qa2 Qg4 31. Kh1 Rxg3 32. fxg3 Qxg3 33. Bg2 Rf1+ 34. Bxf1
Qg1# 0-1

[Event "Druzynowe Mistrzostwa Polski II Liga"]
[Site "Szklarska Poreba"]
[Date "1899-12-30"]
[Round "9.35"]
[White "Czerniawski, Marek"]
[Black "Szymczak, Rafal"]
[Result "1/2-1/2"]
[WhiteTitle "k"]
[BlackTitle "k"]
[WhiteElo "2035"]
[BlackElo "1956"]

1. Nf3 d5 2. c4 e6 3. g3 c6 4. b3 f5 5. Bb2 Nf6 6. Bg2 Be7 7. O-O O-O 8. d3 a5
9. Nbd2 a4 10. Rc1 axb3 11. axb3 Na6 12. Ra1 Bd7 13. Ne5 Be8 14. Ndf3 Bh5 15.
Nd4 Qc8 16. Qd2 Bd6 17. f4 Re8 18. Kh1 Bf7 19. h3 Nd7 20. Ndf3 Nxe5 21. Nxe5 Bf8
22. Kh2 Rd8 23. Rfc1 Nc5 24. Qc2 Rxa1 25. Rxa1 Qc7 26. Bf3 Qb6 27. Bc3 Nxb3 28.
Rb1 Qf2+ 29. Bg2 Nd4 30. Bxd4 Qxd4 31. Rxb7 Be8 32. Qb2 Qf2 33. Nf3 Bh5 34. Qb6
Qxb6 35. Rxb6 Bxf3 36. Bxf3 Rc8 37. g4 g6 38. gxf5 gxf5 39. Kg3 Kf7 40. cxd5 cxd5
41. Bh5+ Kf6 42. Rb7 Be7 43. Kf3 Ra8 44. e4 1/2-1/2

[Event "Druzynowe Mistrzostwa Polski II Liga"]
[Site "Szklarska Poreba"]
[Date "1899-12-30"]
[Round "9.36"]
[White "Baranska, Monika"]
[Black "Czaplewska, Klara"]
[Result "1-0"]
[WhiteTitle "I++"]
[BlackTitle "k+"]
[WhiteElo "1735"]
[BlackElo "1880"]

1. d4 d5 2. c4 e6 3. Nc3 Nf6 4. Bg5 Be7 5. e3 O-O 6. Nf3 h6 7. Bh4 Ne4 8. Bxe7
Qxe7 9. Bd3 Nxc3 10. bxc3 dxc4 11. Bxc4 Nd7 12. O-O e5 13. Qc2 e4 14. Nd2 Nb6
15. Bb3 Re8 16. f3 Qg5 17. fxe4 Qxe3+ 18. Rf2 Be6 19. Raf1 Bxb3 20. Qxb3 Re6 21.
Kh1 Rf8 22. Rxf7 Rfe8 23. Rf8+ Kh7 24. Rxe8 Rxe8 25. Qf7 Rc8 26. Qf5+ g6 27. Qf7+
Kh8 28. Qf6+ Kh7 29. Qe7+ Kh8 30. Rf7 1-0

[Event "Druzynowe Mistrzostwa Polski II Liga"]
[Site "Szklarska Poreba"]
[Date "1899-12-30"]
[Round "9.37"]
[White "Cichocki, Adam"]
[Black "Janaszak, Dawid"]
[Result "1-0"]
[WhiteTitle "FM"]
[BlackTitle "FM"]
[WhiteElo "2292"]
[BlackElo "2382"]

1. d4 Nf6 2. Nf3 g6 3. g3 Bg7 4. Bg2 d5 5. c4 dxc4 6. Qa4+ Nbd7 7. O-O O-O 8. Qxc4
Nb6 9. Qb3 Be6 10. Qd1 Qc8 11. Nc3 Bh3 12. e4 Rd8 13. Qe2 Qg4 14. Bf4 c6 15. Rfd1
h6 16. Qc2 Qh5 17. Bxh3 Qxh3 18. Ne5 Nbd7 19. Nxd7 Rxd7 20. f3 Rad8 21. Be3 g5
22. Qf2 Ne8 23. Rd2 Nd6 24. b3 Qh5 25. g4 Qg6 26. Rad1 b6 27. h4 gxh4 28. Qxh4
f5 29. e5 Nf7 30. Kh1 f4 31. Bxf4 c5 32. Ne2 cxd4 33. Nxd4 Nxe5 34. Bxe5 Bxe5
35. Nf5 Rxd2 36. Rxd2 Rxd2 37. Nxe7+ Kf7 38. Nxg6 Kxg6 39. Qh5+ 1-0

[Event "Druzynowe Mistrzostwa Polski II Liga"]
[Site "Szklarska Poreba"]
[Date "1899-12-30"]
[Round "9.38"]
[White "Dudzinski, Piotr"]
[Black "Helis, Tadeusz"]
[Result "1-0"]
[WhiteTitle "FM"]
[BlackTitle "FM"]
[WhiteElo "2341"]
[BlackElo "2233"]

1. e4 c5 2. c3 d5 3. exd5 Qxd5 4. d4 Nc6 5. Nf3 e5 6. Nxe5 Nxe5 7. dxe5 Qxe5+ 8.
Be2 Bd7 9. O-O O-O-O 10. Re1 Nf6 11. Nd2 Qc7 12. Nc4 Bc6 13. Bg4+ Nxg4 14. Qxg4+
Qd7 15. Qg3 Qd5 16. Na5 Bd6 17. Nxc6 Qxc6 18. Bf4 Bxf4 19. Qxf4 Rd7 20. Rad1 f6
21. b4 Rhd8 22. Rxd7 Qxd7 23. bxc5 Qd2 24. Qg4+ Rd7 25. Re8+ Kc7 26. Qg3+ Kc6
27. Rc8+ Kb5 28. c4+ Kxc4 29. h3 Rd3 30. Qg4+ Rd4 31. c6 b6 32. Qe6+ Kc5 33. g3
Rd6 34. Qf5+ Rd5 35. Qe4 Qd1+ 36. Kh2 Re5 37. Qg2 Qd5 38. Rc7 Qxg2+ 39. Kxg2 a5
40. Rxg7 Kxc6 41. Rxh7 Re2 42. h4 Rxa2 43. h5 Rd2 44. Ra7 Kb5 45. h6 a4 46. h7
Rd8 47. Kf3 Kb4 48. Kf4 a3 49. Kf5 Kb3 50. Rb7 Ra8 51. Rxb6+ Kc2 52. Rc6+ Kb2
53. Re6 a2 54. Re2+ Kb1 55. Re1+ Kb2 56. f4 Rc8 57. g4 Rc1 58. Rxc1 Kxc1 59. h8=Q
Kd2 1-0